| 000 | 00370nam a2200145Ia 4500 | ||
|---|---|---|---|
| 008 | 130318s9999 xx 000 0 und d | ||
| 020 | _a8178081180 | ||
| 082 | _a005.12028 KRU/R | ||
| 100 | _aKruchten, Philippe | ||
| 245 | _aRational unified process and introduction | ||
| 250 | _a2 | ||
| 260 |
_bAW _aReading _c2000 |
||
| 300 | _a298 | ||
| 650 | _aRATIONAL UNIFIED PROCESS | ||
| 999 |
_c189 _d189 |
||